LEED reference guide for building design and construction: (Record no. 354035)

000 -LEADER
fixed length control field 01593cam a22003977a 4500
001 - CONTROL NUMBER
control field 16686898
003 - CONTROL NUMBER IDENTIFIER
control field OSt
005 - DATE AND TIME OF LATEST TRANSACTION
control field 20180116192425.0
008 - FIXED-LENGTH DATA ELEMENTS--GENERAL INFORMATION
fixed length control field 110310s2009 dcuab b 000 0 eng d
010 ## - LIBRARY OF CONGRESS CONTROL NUMBER
LC control number 2011288300
020 ## - INTERNATIONAL STANDARD BOOK NUMBER
International Standard Book Number 9781932444148
020 ## - INTERNATIONAL STANDARD BOOK NUMBER
International Standard Book Number 9781932444186
020 ## - INTERNATIONAL STANDARD BOOK NUMBER
International Standard Book Number 1932444149
035 ## - SYSTEM CONTROL NUMBER
System control number (OCoLC)ocn319062417
040 ## - CATALOGING SOURCE
Original cataloging agency UUS
Transcribing agency UUS
Modifying agency BON
-- WPG
-- YDXCP
-- DLC
042 ## - AUTHENTICATION CODE
Authentication code lccopycat
043 ## - GEOGRAPHIC AREA CODE
Geographic area code n-us---
082 ## - DEWEY DECIMAL CLASSIFICATION NUMBER
Classification number 696
245 00 - TITLE STATEMENT
Title LEED reference guide for building design and construction:
Remainder of title Leadership in energy & enviromental design
246 18 - VARYING FORM OF TITLE
Title proper/short title LEED reference guide for green building design and construction
250 ## - EDITION STATEMENT
Edition statement 2009 ed.
260 ## - PUBLICATION, DISTRIBUTION, ETC.
Place of publication, distribution, etc. Washington, DC :
Name of publisher, distributor, etc. U.S. Green Building Council,
Date of publication, distribution, etc. 2013.
300 ## - PHYSICAL DESCRIPTION
Extent xxvi, 806 p. :
Other physical details ill., maps ;
Dimensions 28 cm.
500 ## - GENERAL NOTE
General note Title from cover.
500 ## - GENERAL NOTE
General note "For the design, construction and major renovations of commercial and institutional buildings including core & shell and K-12 school projects."
504 ## - BIBLIOGRAPHY, ETC. NOTE
Bibliography, etc. note Includes bibliographical references.
650 #0 - SUBJECT ADDED ENTRY--TOPICAL TERM
Topical term or geographic name entry element Sustainable buildings
Geographic subdivision United States
General subdivision Design and construction.
9 (RLIN) 7896
650 #0 - SUBJECT ADDED ENTRY--TOPICAL TERM
Topical term or geographic name entry element Buildings
General subdivision Environmental aspects.
9 (RLIN) 7897
650 #0 - SUBJECT ADDED ENTRY--TOPICAL TERM
Topical term or geographic name entry element Building
General subdivision Environmental aspects.
9 (RLIN) 7898
650 #0 - SUBJECT ADDED ENTRY--TOPICAL TERM
Topical term or geographic name entry element Leadership in Energy and Environmental Design Green Building Rating System.
9 (RLIN) 7899
710 2# - ADDED ENTRY--CORPORATE NAME
Corporate name or jurisdiction name as entry element U.S. Green Building Council.
9 (RLIN) 7900
906 ## - LOCAL DATA ELEMENT F, LDF (RLIN)
a 7
b cbc
c copycat
d 2
e ncip
f 20
g y-gencatlg
942 ## - ADDED ENTRY ELEMENTS (KOHA)
Source of classification or shelving scheme
Koha item type Reference
Holdings
Withdrawn status Lost status Source of classification or shelving scheme Damaged status Not for loan Permanent Location Current Location Date acquired Total Checkouts Full call number Barcode Date last seen Copy number Price effective from Koha item type
          School of Art Design and Architecture (SADA) School of Art Design and Architecture (SADA) 01/22/2015   REF 696 REF 2013 SADA0002410 05/05/2015 01 01/23/2015 Reference
© 2023 Central Library, National University of Sciences and Technology. All Rights Reserved.